000 00223nam a22000857a 4500
008 160908b xxu||||| |||| 00| 0 eng d
100 _9337
_aSharma R.D
245 _aMathematics-XII
260 _aNew Delhi
_bDhanpat publication
_c2012
999 _c2997
_d2997